| 000 | 00645nam a22002057a 4500 | ||
|---|---|---|---|
| 999 |
_c17120 _d17120 |
||
| 003 | AR-CdUCM | ||
| 008 | 190228b ||||| |||| 00| 0 spa d | ||
| 040 |
_aMUNICIPALIDAD PROVINCIAL DEL CUSCO _cBIBLIOTECA MUNICIPAL DEL CUSCO |
||
| 082 |
_a869.335 / _bN44 _22ed. |
||
| 100 |
_aNeruda, Pablo _92359 |
||
| 245 |
_aResidencia en la tierra : _b(1925-1935) / |
||
| 260 |
_aBuenos Aires : _bLosada, _c1958. |
||
| 300 |
_a136 páginas ; _c19 cm. |
||
| 505 | _aContenido : Poesía | ||
| 650 |
_aPoesías chilenas _92361 |
||
| 650 |
_aPoesías siglo XX _93861 |
||
| 650 |
_aLiteratura chilena _92985 |
||
| 942 |
_2ddc _cLIBROS |
||
| 945 |
_awnts _d2019-05-7 |
||